Statistics for Most Guessed Countries by Letter

Click here to take the quiz!

General Stats

  • This quiz has been taken 239 times
    (125 since last reset)
  • The average score is 20 of 24

Answer Stats

LetterCountry% Correct
ZZimbabwe
97%
AAustralia
95%
FFrance
95%
YYemen
95%
CCanada
94%
GGermany
94%
UUS
94%
OOman
92%
QQatar
92%
JJapan
91%
DDenmark
88%
BBrazil
87%
RRussia
87%
IItaly
86%
MMexico
85%
VVietnam
84%
PPortugal
82%
SSpain
82%
HHungary
78%
TTurkey
77%
NNorway
73%
EEgypt
71%
LLatvia
59%
KKazakhstan
55%

Score Distribution

Percentile by Number Answered

Percent of People with Each Score

Your Score History

You have not taken this quiz since the last reset